00891nam a22002297a 450000500170000001000150001702000270003203500130005903700130007208200160008524501120010126000390021327000780025230000260033050000510035665000360040770000220044370000180046594200260048399900190050995201330052820160527121800.0 aENG-115201 a9789351503279 c695.00 aEN-98733 bDBAD/PUB00a337.15422300aIndia, China and sub-regional connectivities in South Asia /cedited by D. Suba Chandran [and] Bhavna Singh aNew DelhibSAGE Publicationsc2015 aB1/I-1 Mohan Cooperative Industrial Area, Mathura RoadbNew Delhie110044 axvii, 231p.c23cm(Hb) aIncludes bibliographical references and index. 0aRegional economicszSouth Asia.1 aSuba Chandran, D.1 aSingh, Bhavna 2ddccENh337.154mIND c100100d100100 001040708NFICaBNbBNd2016-05-27eDBAD/PUBg695.00l0o337.154 INDpEN-98733r2016-05-27 00:00:00t1v695.00w2016-05-27yEN